| 000 | 00524ntaaa2200181 4500 | ||
|---|---|---|---|
| 003 | 01 | ||
| 005 | 20251027201903.0 | ||
| 008 | 0714s1973 ag 01 | ||
| 040 |
_aAR-BaBN _bspa _cAR-BaBN _eaacr _dRIC |
||
| 082 | _a231.0000 Mc13 | ||
| 100 |
_aMcClain, Alva J. _917382 |
||
| 245 | _aGreatness of the Kingdom; an introductive study of the kingdom of God as set forth in the scriptures. | ||
| 250 | _a1 ed. | ||
| 260 |
_aGrand Rapids : _bZondervan, _c1959 |
||
| 300 | _axx, 556 p. | ||
| 650 |
_aReino de Dios _9990 |
||
| 942 | _cBK | ||
| 999 |
_c13581 _d13581 |
||